000 00294nam a22001337a 4500
008 181218b xxu||||| |||| 00| 0 eng d
020 _a9780558064709
041 _aeng
080 _a641
100 _a15
101 _aJUR
245 _aCriminal Justice Today
_cFrank.SCH
942 _2udc
_cBK
999 _c53450
_d53450